000 01088nam a22002777a 4500
999 _c63491
_d63491
005 20240530110644.0
008 171105s2016 ua ak g b 000 0 ara d
017 _a2016/20043
_bمصر. دار الكتب
020 _a9789777220835
040 _aEG-CaGPL
_cEG-CaGPL
082 0 4 _221
_a658.85 /
_bم ا
100 0 _aمدحت محمد محمود ابوالنصر
245 1 0 _aاجعل عميلك يختارك :
_bفن البيع الناجح والعناية بالعملاء /
_cتاليف مدحت محمد محمود ابوالنصر
250 _aط.1
260 _aالقاهرة :
_bالمجموعة العربية للتدريب و النشر ،
_c2016.
300 _a285 ص. :
_bايض ؛
_c24 سم.
504 _aيشتمل على ارجاعات ببليوجرافية
650 0 7 _2qrmak
_aالبيع
650 0 7 _2qrmak
_aالبيع
_xاحكام
650 0 7 _2qrmak
_aالتسويق
650 0 7 _2qrmak
_aادارة المبيعات
650 0 7 _2qrmak
_aالمعاملات
651 _2qrmak
942 _2ddc
_cBK